000 00547nam a2200217Ia 4500
005 20250425162741.0
008 250425s9999 xx 000 0 und d
020 _a1879373041
041 _aeng
082 _a070.5
100 _aHEARST, WILLIAM RANDOLPH
245 0 _aTHE HEARSTS FATHER AND SON
250 _aS.E.
260 _aEstados Unidos
_bROBERTS RINEHART PUBLISHERS
_c1991
260 _aS.L.
300 _a372
650 _aPUBLICACIONES PERIODICAS
710 _aROBERTS RINEHART PUBLISHERS
942 _c01
010 _a104740
999 _c235682
_d235682